100 najwiekszych miast w Turcji - Statystyki

Ogólne statystyki
  • Ten quiz został rozwiązany 70 razy
  • Średni wynik to 24 z 100
Statystyki odpowiedzi
Odpowiedź Liczba Ludnosci (2008) Prowincja % Poprawnych
2 Ankara 3,83 mln Ankara
98%
1 Stambuł/Konstantynopol 11 mln Stambuł
95%
4 Bursa 1,46 mln Bursa
88%
8 Antalya 798 tys Antalya
86%
3 Izmir 2,65 mln İzmir
85%
5 Adana 1,39 mln Adana
83%
6 Gaziantep 1,2 mln Gaziantep
81%
7 Konya 993 tys Konya
81%
14 Samsun 430 tys Samsun
71%
9 Kayseri 712 tys Kayseri
66%
10 Mersin 635 tys Mersin
66%
30 Trabzon 232 tys Trabzon
66%
23 Batman 301 tys Batman
58%
78 Alanya 94 tys Antalya
56%
11 Diyarbakır 605 tys Diyarbakır
54%
18 Erzurum 343 tys Erzurum
54%
24 Sivas 298 tys Sivas
53%
46 Edirne 138 tys Edirne
51%
20 Denizli 330 tys Denizli
49%
12 Eskişehir 580 tys Eskişehir
49%
16 Malatya 389 tys Malatya
49%
25 Manisa 289 tys Manisa
46%
21 Elazığ 326tys Elazığ
39%
13 Şanlıurfa 483 tys Şanlıurfa
36%
51 Tokat 130 tys Tokat
36%
75 Rize 97,2 tys Rize
32%
43 Aydın 171 tys Aydın
31%
17 Kahramanmaraş 379 tys Kahramanmaraş
31%
32 Kütahya 217 tys Kütahya
31%
47 Tekirdağ 136 tys Tekirdağ
31%
29 Balıkesir 245 tys Balıkesir
29%
33 Çorum 207 tys Çorum
29%
91 Mardin 83,8 tys Mardin
29%
62 Zonguldak 106 tys Zonguldak
29%
38 Isparta 189 tys Isparta
27%
48 Ordu 135 tys Ordu
27%
39 Osmaniye 183 tys Osmaniye
27%
42 Uşak 176 tys Uşak
27%
45 Aksaray 154 tys Aksaray
25%
61 Bolu 110 tys Bolu
24%
54 Siirt 120 tys Siirt
24%
35 Adıyaman 197 tys Adıyaman
22%
86 Çanakkale 88,4 tys Çanakkale
22%
52 Karaman 125 tys Karaman
22%
36 Kırıkkale 192 tys Kırıkkale
22%
19 Wan 342 tys Van
22%
44 Afyonkarahisar 163 tys Afyonkarahisar
17%
28 Izmit 255 tys Kocaeli
17%
87 Amasya 87,5 tys Amasya
15%
34 Çorlu 197 tys Tekirdağ
15%
70 Düzce 100 tys Düzce
15%
89 Erzincan 86,4 tys Erzincan
15%
63 Karabük 105 tys Karabük
15%
67 Niğde 103 tys Niğde
15%
84 Yalova 89,8 tys Yalova
15%
69 Ağrı 100 tys Ağrı
14%
85 Bingöl 89,1 tys Bingöl
14%
83 Giresun 90,5 tys Giresun
12%
98 Iğdır 78,1 tys Iğdır
12%
93 Kastamonu 82,2 tys Kastamonu
12%
92 Nevşehir 83,3 tys Nevşehir
12%
68 Kırşehir 101 tys Kırşehir
10%
99 Kilis 77,3 tys Kilis
7%
15 Adapazarı 391 tys Sakarya
5%
22 Gebze 319 tys Kocaeli
5%
37 Antiochia 189 tys Hatay
3%
41 İskenderun 178 tys Hatay
3%
73 Lüleburgaz 98 tys Kırklareli
3%
90 Elbistan 83,8 tys Kahramanmaraş
2%
100 Manavgat 77,3 tys Antalya
2%
74 Akhisar 97,7 tys Manisa
0%
88 Bafra 86,4 tys Samsun
0%
59 Bandırma 112 tys Balıkesir
0%
53 Beylikdüzü 122 tys Stambuł
0%
65 Ceyhan 104 tys Adana
0%
81 Cizre 92,8 tys Şırnak
0%
58 Darıca 112 tys Kocaeli
0%
56 Derince 116 tys Kocaeli
0%
96 Erciş 79,6 tys Van
0%
77 Ereğli 95,7 tys Konya
0%
27 Esenyurt 263 tys Stambuł
0%
95 Gemlik 80,6 tys Bursa
0%
49 İnegöl 133 tys Bursa
0%
97 Kadirli 78,6 tys Osmaniye
0%
76 Karadeniz Ereğli 96,3 tys Zonguldak
0%
40 Kayapınar 181 tys Diyarbakır
0%
50 Kızıltepe 131 tys Mardin
0%
71 Körfez 99,8 tys Kocaeli
0%
64 Nazilli 105 tys Aydın
0%
79 Nizip 93,4 tys Gaziantep
0%
82 Nusaybin 90,5 tys Mardin
0%
80 Polatlı 92,8 tys Ankara
0%
72 Salihli 98,1 tys Manisa
0%
55 Samandıra 117 tys Stambuł
0%
94 Sarıgazi 80,9 tys Stambuł
0%
60 Siverek 110 tys Şanlıurfa
0%
26 Sultanbeyli 283 tys Stambuł
0%
31 Tarsus 232 tys Mersin
0%
57 Turgutlu 113 tys Manisa
0%
66 Viranşehir 103 tys Şanlıurfa
0%
Nie znaleziono quizów pasujących do podanych kryteriów
Rozkład punktacji
Procent ludzi z każdym wynikiem
Percentyl według liczby udzielonych odpowiedzi
Twoja historia wyników
Nie rozwiązałeś tego quizu